| 000 | 00426nam a2200157 i 4500 | ||
|---|---|---|---|
| 001 | bg | ||
| 245 | 0 |
_aObróbka ścierna - obrabiarki, narzędzia : _bIV Konferencja Naukowo-Techniczna, Łódź maj 1981 r. |
|
| 260 |
_aŁódź, _c1981 _aSIMP. |
||
| 650 | 9 | _aSkrawanie | |
| 655 | _aMateriały konferencyjne | ||
| 040 | _cBPK | ||
| 041 | _apol | ||
| 080 | _a621.9 | ||
| 942 | _cKS | ||
| 008 | s pl f |000 0 pol | ||
| 999 |
_c20246 _d20246 |
||
| 856 |
_uhttp://koha.tu.koszalin.pl/cgi-bin/koha/opac-detail.pl?biblionumber=20246 _yKatalog online BPK |
||